000 00240nam a2200097Ia 4500
001 682790
005 20250826161425.0
008 250824s9999 xx 000 0 und d
245 0 _aCEM SULTAN I
_cYAVUZ BAHADIROĞLU
260 _bNESİL YAYINLARI
999 _c682790
_d682790